[Event "20th EUR-ch"]
[Site "Skopje MKD"]
[Date "2019.03.18"]
[Round "1"]
[White "Kamer, Kayra"]
[Black "Piorun, Kacper"]
[Result "0-1"]
[WhiteElo "2397"]
[BlackElo "2631"]
[EventDate "2019.03.18"]
[Board "37"]
[PlyCount "56"]

1.e4 d5 2.exd5 Qxd5 3.Nf3 Bg4 4.Nc3 Qe6+ 5.Qe2 Nf6 6.b3 Qxe2+ 7.Bxe2 c6 8.
Bb2 h6 9.O-O-O Nbd7 10.d4 e6 11.Ne5 Bf5 12.g4 Bh7 13.h4 h5 14.g5 Nxe5 15.
dxe5 Ng4 16.Bxg4 hxg4 17.Rd4 Bc5 18.Rxg4 Bxf2 19.Nd1 Bc5 20.Bd4 Bf5 21.Rf4
Be7 22.Rhf1 Bg6 23.Ne3 b5 24.Rd1 O-O-O 25.Kb2 Kb7 26.Bc3 Rxd1 27.Nxd1 Rd8 
28.Rd4 b4 0-1

[Event "20th EUR-ch"]
[Site "Skopje MKD"]
[Date "2019.03.18"]
[Round "1"]
[White "Gledura, Benjamin"]
[Black "Erenberg, Ariel"]
[Result "1/2-1/2"]
[WhiteElo "2630"]
[BlackElo "2394"]
[EventDate "2019.03.18"]
[Board "38"]
[PlyCount "84"]

1.Nf3 Nf6 2.g3 b5 3.Bg2 Bb7 4.Na3 a6 5.c4 e5 6.b3 e4 7.Nd4 d5 8.cxb5 axb5 
9.Naxb5 c5 10.Nc2 Bc6 11.Nba3 Bd6 12.O-O O-O 13.d3 Re8 14.Bb2 Nbd7 15.d4 
cxd4 16.Nxd4 Bxa3 17.Nxc6 Qb6 18.Bxa3 Rxa3 19.Nd4 Rea8 20.Qd2 Ne5 21.Rfd1 
g6 22.Qb2 Nc4 23.Qc3 Nd6 24.Nc2 Nb5 25.Qb4 Rxa2 26.Rxa2 Rxa2 27.Nd4 Ra5 
28.e3 Ng4 29.Rc1 Kg7 30.h3 Ne5 31.Rc8 Nxd4 32.Qf8+ Kf6 33.Qh8+ Kf5 34.g4+ 
Ke6 35.exd4 Ra1+ 36.Kh2 Nd7 37.Bxe4 dxe4 38.d5+ Kxd5 39.Qxa1 Qxf2+ 40.Kh1 
Qf3+ 41.Kh2 Qf2+ 42.Kh1 Qf3+ 1/2-1/2

[Event "20th EUR-ch"]
[Site "Skopje MKD"]
[Date "2019.03.18"]
[Round "1"]
[White "Di Benedetto, Edoardo"]
[Black "Rakhmanov, Alexander"]
[Result "0-1"]
[WhiteElo "2394"]
[BlackElo "2629"]
[EventDate "2019.03.18"]
[Board "39"]
[PlyCount "66"]

1.d4 Nf6 2.c4 g6 3.Nf3 Bg7 4.g3 b6 5.Bg2 Bb7 6.O-O O-O 7.Nc3 Ne4 8.Nxe4 
Bxe4 9.b3 c5 10.Bb2 Nc6 11.e3 d5 12.Ne5 Nxe5 13.dxe5 Bxg2 14.Kxg2 dxc4 15.
bxc4 Qc7 16.Qd5 Rad8 17.Qe4 Qd7 18.Qc2 Qd2 19.Rac1 f6 20.exf6 Bxf6 21.Bxf6
Rxf6 22.Qe4 Kf7 23.Rc2 Qd3 24.Qxd3 Rxd3 25.Rb1 Rfd6 26.Kf3 Rd2 27.Rbb2 
Rxc2 28.Rxc2 Rd1 29.Ke2 Ra1 30.f4 Ke6 31.e4 Kd6 32.Kf3 h5 33.h4 a6 0-1

[Event "20th EUR-ch"]
[Site "Skopje MKD"]
[Date "2019.03.18"]
[Round "1"]
[White "Kobalia, Mikhail"]
[Black "Ozen, Deniz"]
[Result "1-0"]
[WhiteElo "2627"]
[BlackElo "2393"]
[EventDate "2019.03.18"]
[Board "40"]
[PlyCount "161"]

1.e4 e5 2.Nf3 Nf6 3.Nxe5 d6 4.Nf3 Nxe4 5.d4 d5 6.Bd3 Nc6 7.O-O Be7 8.c4 
Nf6 9.Nc3 O-O 10.h3 Nb4 11.Be2 dxc4 12.Bxc4 c6 13.Bg5 Nbd5 14.Re1 Be6 15.
Qb3 Qb6 16.Nxd5 cxd5 17.Qxb6 axb6 18.Bb3 h6 19.Bf4 Ne4 20.Ne5 Bg5 21.Nd3 
Nd2 22.Bd1 Nc4 23.Bxg5 hxg5 24.g4 Nd6 25.f4 gxf4 26.Nxf4 Nb5 27.Nxe6 fxe6 
28.Rxe6 Nxd4 29.Rxb6 Rae8 30.Bb3 Re3 31.Bxd5+ Kh8 32.Bg2 Nf3+ 33.Kh1 Ne1 
34.Rb3 Re2 35.Rg3 b6 36.Kg1 Nxg2 37.Rxg2 Re3 38.h4 Rf4 39.Rf1 Rd4 40.Rf5 
Ree4 41.Rg5 Rf4 42.Kh2 Rfe4 43.h5 Kh7 44.Kh3 Re3+ 45.Rg3 Re2 46.Rb3 Rdd2 
47.Rgb5 Rh2+ 48.Kg3 Rhg2+ 49.Kh4 Rd4 50.Rg3 Rh2+ 51.Kg5 Rd6 52.Rgb3 Rg2 
53.R3b4 g6 54.Rxb6 Rd5+ 55.Kf4 gxh5 56.Rb7+ Kg8 57.gxh5 Rxh5 58.Rd4 Rh4+ 
59.Kf3 Rxd4 60.Kxg2 Kf8 61.Kf3 Ke8 62.Ke3 Rh4 63.Kd3 Kd8 64.Kc3 Kc8 65.Re7
Rh3+ 66.Kb4 Rh4+ 67.Ka3 Rh3+ 68.b3 Rh2 69.b4 Kb8 70.Kb3 Rg2 71.a3 Rg3+ 72.
Ka4 Rf3 73.b5 Rf4+ 74.Ka5 Rf3 75.a4 Rf4 76.b6 Rg4 77.Kb5 Rg5+ 78.Ka6 Rg8 
79.a5 Rh8 80.Re6 Rg8 81.Kb5 1-0

[Event "20th EUR-ch"]
[Site "Skopje MKD"]
[Date "2019.03.18"]
[Round "1"]
[White "Saraci, Nderim"]
[Black "Movsesian, Sergei"]
[Result "1/2-1/2"]
[WhiteElo "2391"]
[BlackElo "2627"]
[EventDate "2019.03.18"]
[Board "41"]
[PlyCount "91"]

1.d4 Nf6 2.c4 e6 3.Nf3 d5 4.g3 dxc4 5.Qa4+ Nbd7 6.Bg2 a6 7.Qxc4 b5 8.Qc6 
Rb8 9.Bf4 Nd5 10.Bg5 Be7 11.Bxe7 Qxe7 12.O-O Bb7 13.Qc1 c5 14.dxc5 Nxc5 
15.Nc3 O-O 16.Nxd5 Bxd5 17.Qe3 Rfc8 18.Rfc1 Rc7 19.Nd4 Bxg2 20.Kxg2 Rbc8 
21.b3 Qd6 22.Rc3 b4 23.Rc4 Nd7 24.Rxc7 Rxc7 25.Nf3 Nf6 26.Qe5 Qxe5 27.Nxe5
Rc2 28.Nd3 a5 29.a3 g5 30.axb4 axb4 31.Nxb4 Rxe2 32.Ra2 Re5 33.Nc6 Rc5 34.
Nd4 Nd5 35.h3 Rc3 36.Nf3 h6 37.Ra8+ Kg7 38.Ne5 Rc7 39.Rb8 f6 40.Nc4 Ra7 
41.Kf3 Ra2 42.Ne3 Nc3 43.Rb7+ Kg6 44.Rb6 Kf7 45.Rb7+ Kg6 46.Rb6 1/2-1/2

[Event "20th EUR-ch"]
[Site "Skopje MKD"]
[Date "2019.03.18"]
[Round "1"]
[White "Paravian, David"]
[Black "Badelka, Olga"]
[Result "1-0"]
[WhiteElo "2627"]
[BlackElo "2384"]
[EventDate "2019.03.18"]
[Board "42"]
[PlyCount "75"]

1.e4 c5 2.Nf3 e6 3.d4 cxd4 4.Nxd4 Nc6 5.Nc3 Qc7 6.g3 a6 7.Bg2 Nf6 8.O-O 
Be7 9.Re1 O-O 10.Nxc6 dxc6 11.e5 Rd8 12.Qf3 Nd5 13.h4 h6 14.Qg4 Kf8 15.Qe4
Nxc3 16.Qh7 Ke8 17.bxc3 Bf8 18.Bf4 c5 19.g4 Bd7 20.g5 Bc6 21.gxh6 gxh6 22.
Qg8 Bxg2 23.Bxh6 Kd7 24.Qxf7+ Kc8 25.Qxe6+ Kb8 26.Kxg2 Bxh6 27.Qxh6 Rg8+ 
28.Kf1 Ka7 29.Rad1 Rg4 30.Qd6 Qa5 31.Rb1 Rg7 32.e6 Qxc3 33.Qb6+ Kb8 34.Qb3
Qf6 35.Qe3 Qxh4 36.Qe5+ Kc8 37.Qxg7 Qh1+ 38.Qg1 1-0

[Event "20th EUR-ch"]
[Site "Skopje MKD"]
[Date "2019.03.18"]
[Round "1"]
[White "Kaasen, Tor Fredrik"]
[Black "Sarana, Alexei"]
[Result "1/2-1/2"]
[WhiteElo "2383"]
[BlackElo "2625"]
[EventDate "2019.03.18"]
[Board "43"]
[PlyCount "64"]

1.d4 Nf6 2.c4 e6 3.Nf3 Bb4+ 4.Bd2 c5 5.Bxb4 cxb4 6.e3 b6 7.a3 bxa3 8.Rxa3 
Bb7 9.Nc3 O-O 10.Be2 Nc6 11.O-O Nb4 12.Ne5 a5 13.Na4 Qc7 14.Nd3 Bc6 15.Ra1
Nxd3 16.Qxd3 d6 17.Nc3 e5 18.Rfd1 Qb7 19.dxe5 dxe5 20.Nd5 Bxd5 21.cxd5 
Rfd8 22.e4 Rac8 23.Rac1 Nd7 24.Rxc8 Qxc8 25.Bg4 Nc5 26.Bxc8 Nxd3 27.Rxd3 
Rxc8 28.Kf1 a4 29.Ke2 Kf8 30.Kd2 Rc4 31.f3 Ke7 32.b3 Rb4 1/2-1/2

[Event "20th EUR-ch"]
[Site "Skopje MKD"]
[Date "2019.03.18"]
[Round "1"]
[White "Jobava, Baadur"]
[Black "Plenkovic, Zdenko"]
[Result "1-0"]
[WhiteElo "2622"]
[BlackElo "2383"]
[EventDate "2019.03.18"]
[Board "44"]
[PlyCount "43"]

1.d4 Nf6 2.Bg5 Ne4 3.Bf4 d5 4.f3 Nf6 5.Nc3 e6 6.e3 a6 7.Qd2 c5 8.Nge2 Nc6 
9.g4 Nd7 10.h4 Nb6 11.b3 Be7 12.Bg3 Bd7 13.Bg2 Rc8 14.h5 O-O 15.f4 cxd4 
16.exd4 Nxd4 17.Qxd4 Bf6 18.Qd2 Qc7 19.Bf2 Rfe8 20.O-O Na8 21.Bd4 Bxd4+ 
22.Qxd4 1-0

[Event "20th EUR-ch"]
[Site "Skopje MKD"]
[Date "2019.03.18"]
[Round "1"]
[White "Arsovic, Goran"]
[Black "Salgado Lopez, Ivan"]
[Result "1-0"]
[WhiteElo "2380"]
[BlackElo "2622"]
[EventDate "2019.03.18"]
[Board "45"]
[PlyCount "77"]

1.d4 Nf6 2.Nf3 d5 3.c4 e6 4.Nc3 dxc4 5.e4 Bb4 6.Bg5 h6 7.Bxf6 Qxf6 8.Bxc4 
O-O 9.O-O Rd8 10.Qe2 Qe7 11.Rad1 Nd7 12.e5 Nf8 13.Ne4 Bd7 14.Bb5 Rab8 15.
Rc1 Ba5 16.Nc5 Be8 17.Rfd1 Bb6 18.b4 Bxb5 19.Qxb5 Rd5 20.Qe2 c6 21.Rc4 
Rbd8 22.Rdc1 Qc7 23.h3 Ng6 24.Qe4 Ne7 25.a3 Bxc5 26.Rxc5 R5d7 27.g4 Rd5 
28.Kg2 R8d7 29.h4 Qd8 30.h5 Rxd4 31.Nxd4 Rxd4 32.Qf3 Rd3 33.Qe4 Nd5 34.
R5c4 Rxa3 35.b5 Ne7 36.Rd4 Qb6 37.Rd7 Nd5 38.bxc6 bxc6 39.Rb1 1-0

[Event "20th EUR-ch"]
[Site "Skopje MKD"]
[Date "2019.03.18"]
[Round "1"]
[White "Van Foreest, Jorden"]
[Black "Lewtak, Damian"]
[Result "1-0"]
[WhiteElo "2621"]
[BlackElo "2379"]
[EventDate "2019.03.18"]
[Board "46"]
[PlyCount "65"]

1.e4 e5 2.Nf3 Nc6 3.Bb5 Nf6 4.O-O Nxe4 5.Re1 Nd6 6.Nxe5 Nxe5 7.Bf1 Be7 8.
Rxe5 O-O 9.d4 Bf6 10.Re1 Nf5 11.d5 g6 12.Nd2 d6 13.Ne4 Bg7 14.Bg5 f6 15.
Bd2 Nh6 16.c4 Bd7 17.c5 f5 18.Ng5 Ng4 19.h3 Nxf2 20.Kxf2 Bd4+ 21.Kf3 f4 
22.Ne6 Qh4 23.Nxd4 Qg3+ 24.Ke4 Rae8+ 25.Ne6 dxc5 26.Qf3 Rxe6+ 27.Kd3 Rd6 
28.Qxg3 fxg3 29.Kc3 b5 30.Re5 a6 31.Rae1 c6 32.Be3 b4+ 33.Kb3 1-0

[Event "20th EUR-ch"]
[Site "Skopje MKD"]
[Date "2019.03.18"]
[Round "1"]
[White "Ayats Llobera, Gerard"]
[Black "Indjic, Aleksandar"]
[Result "0-1"]
[WhiteElo "2377"]
[BlackElo "2620"]
[EventDate "2019.03.18"]
[Board "47"]
[PlyCount "66"]

1.Nf3 d5 2.b3 Bg4 3.Bb2 Nd7 4.e3 e6 5.h3 Bh5 6.c4 c6 7.Nc3 Bg6 8.Rc1 h6 9.
d4 Ngf6 10.Bd3 Ne4 11.Bxe4 dxe4 12.Nd2 f5 13.O-O Bd6 14.f3 Qg5 15.f4 Qh4 
16.c5 Bc7 17.Nc4 Bh5 18.Qd2 Rg8 19.d5 Nxc5 20.d6 O-O-O 21.b4 Nd3 22.dxc7 
Rd7 23.Na4 g5 24.b5 gxf4 25.bxc6 bxc6 26.Rxf4 Qxh3 27.Nab6+ axb6 28.Nxb6+ 
Kxc7 29.Nxd7 Kxd7 30.Rcf1 Bf3 31.R4xf3 exf3 32.Qxd3+ Ke8 33.Kf2 Qg3+ 0-1

[Event "20th EUR-ch"]
[Site "Skopje MKD"]
[Date "2019.03.18"]
[Round "1"]
[White "Kozul, Zdenko"]
[Black "Jackson, James P"]
[Result "1/2-1/2"]
[WhiteElo "2619"]
[BlackElo "2377"]
[EventDate "2019.03.18"]
[Board "48"]
[PlyCount "147"]

1.d4 Nf6 2.Nf3 g6 3.c4 Bg7 4.Nc3 O-O 5.e4 d6 6.Be2 e5 7.d5 a5 8.Bg5 h6 9.
Bh4 Na6 10.Nd2 Bd7 11.a3 Qe8 12.Bxf6 Bxf6 13.Bg4 Bxg4 14.Qxg4 a4 15.h4 h5 
16.Qe2 Nc5 17.O-O-O Kg7 18.Kb1 Rh8 19.Nf3 Qd7 20.Ne1 Nb3 21.Nc2 c6 22.Qd3 
Nd4 23.g3 c5 24.Nxd4 cxd4 25.Nb5 Rhc8 26.f4 Rc5 27.Rhf1 Rac8 28.f5 gxf5 
29.Rxf5 Rxc4 30.Na7 R8c7 31.Rdf1 Bd8 32.Nc6 R4xc6 33.dxc6 bxc6 34.Qd1 f6 
35.Rxh5 c5 36.Rhf5 Qb5 37.Qg4+ Kf8 38.Qf3 Rf7 39.Ka1 c4 40.Qe2 Qb3 41.R5f3
d3 42.Qd2 Ke7 43.h5 Qb5 44.Qb4 Qxb4 45.axb4 d5 46.exd5 Kd6 47.g4 e4 48.Rh3
Rh7 49.Rf5 d2 50.Rf1 Bb6 51.Kb1 Bd4 52.Kc2 e3 53.Kd1 a3 54.bxa3 c3 55.Rh2 
Re7 56.Re2 c2+ 57.Kxc2 Rc7+ 58.Kb1 Kxd5 59.Rd1 Rc3 60.Rdxd2 exd2 61.Rxd2 
Rxa3 62.Kc2 Rg3 63.Rh2 Rxg4 64.h6 f5 65.h7 Bh8 66.Rd2+ Ke5 67.Rd8 Bf6 68.
Re8+ Kd6 69.h8=Q Bxh8 70.Rxh8 Rxb4 71.Kd3 Re4 72.Rf8 Re5 73.Kd4 Re4+ 74.
Kd3 1/2-1/2

[Event "20th EUR-ch"]
[Site "Skopje MKD"]
[Date "2019.03.18"]
[Round "1"]
[White "Zlatanovic, Boroljub"]
[Black "Postny, Evgeny"]
[Result "0-1"]
[WhiteElo "2376"]
[BlackElo "2619"]
[EventDate "2019.03.18"]
[Board "49"]
[PlyCount "74"]

1.e4 e5 2.Nc3 Nc6 3.Nf3 Nf6 4.Bb5 Bb4 5.O-O O-O 6.Bxc6 dxc6 7.d3 Nd7 8.Ne2
Re8 9.Ng3 Bf8 10.h3 c5 11.b3 Nb8 12.Bb2 Nc6 13.Nh2 Nd4 14.Ne2 a5 15.a4 Ra6
16.Nxd4 cxd4 17.f4 exf4 18.Rxf4 Rg6 19.Rf3 c5 20.Qf1 Bd6 21.Qf2 Qc7 22.Nf1
Re5 23.Rg3 Rxg3 24.Nxg3 Bxh3 25.Bc1 Re6 26.Nf5 Rg6 27.Nxd6 Rxg2+ 28.Qxg2 
Bxg2 29.Bf4 Bh3 30.Kf2 Qe7 31.Rg1 h6 32.e5 Kh7 33.Ne4 Be6 34.Rh1 Bf5 35.
Nd6 Bd7 36.Ne4 Bc6 37.Bxh6 gxh6 0-1

[Event "20th EUR-ch"]
[Site "Skopje MKD"]
[Date "2019.03.18"]
[Round "1"]
[White "Smirin, Ilia"]
[Black "Gines Esteo, Pedro Antonio"]
[Result "1/2-1/2"]
[WhiteElo "2618"]
[BlackElo "2372"]
[EventDate "2019.03.18"]
[Board "50"]
[PlyCount "61"]

1.e4 c6 2.Nc3 d5 3.Nf3 Bg4 4.h3 Bxf3 5.Qxf3 e6 6.d3 Nd7 7.Bd2 Ngf6 8.g4 h6
9.h4 Qb6 10.O-O-O O-O-O 11.Bh3 Bb4 12.a3 dxe4 13.Nxe4 Nxe4 14.Qxe4 Bxd2+ 
15.Rxd2 g5 16.d4 Qb5 17.Bg2 Nb6 18.Bf1 Qd5 19.f3 Qa2 20.c3 Nd5 21.Qb1 Qb3 
22.Qd3 Nf4 23.Qe4 Qd5 24.Rdh2 Rhf8 25.Qxd5 cxd5 26.hxg5 hxg5 27.Rh7 Kd7 
28.Kd2 Ke7 29.Bd3 a6 30.a4 Rg8 31.Bc2 1/2-1/2

[Event "20th EUR-ch"]
[Site "Skopje MKD"]
[Date "2019.03.18"]
[Round "1"]
[White "Drazic, Sinisa"]
[Black "Blubaum, Matthias"]
[Result "1/2-1/2"]
[WhiteElo "2370"]
[BlackElo "2616"]
[EventDate "2019.03.18"]
[Board "51"]
[PlyCount "90"]

1.e4 c6 2.d4 d5 3.Nd2 dxe4 4.Nxe4 Nf6 5.Nxf6+ exf6 6.Bf4 Bd6 7.Bxd6 Qxd6 
8.c3 O-O 9.Bd3 Re8+ 10.Ne2 Bg4 11.f3 Be6 12.Qc2 g6 13.O-O Nd7 14.Rfe1 Re7 
15.Qd2 Rae8 16.Qf4 Qd5 17.b4 Qg5 18.h4 Qxf4 19.Nxf4 Nb6 20.b5 Na4 21.bxc6 
bxc6 22.Rec1 Rb8 23.Rc2 Kf8 24.Kf2 Reb7 25.Ke3 Rb2 26.Nxe6+ fxe6 27.Rac1 
Ke7 28.Bc4 Rxc2 29.Rxc2 Rb1 30.Bb3 Nb6 31.c4 Kd7 32.Kd3 Rh1 33.g3 Rg1 34.
g4 Rg3 35.Ke3 Rh3 36.g5 f5 37.c5 Na8 38.Rc4 Nc7 39.Ra4 a6 40.Rb4 Rxh4 41.
Rb7 Kd8 42.Rb8+ Kd7 43.Rb7 Kc8 44.Rb6 Kd7 45.Rb7 Kc8 1/2-1/2

[Event "20th EUR-ch"]
[Site "Skopje MKD"]
[Date "2019.03.18"]
[Round "1"]
[White "Martirosian, Haik"]
[Black "Shubin, Kirill"]
[Result "1-0"]
[WhiteElo "2616"]
[BlackElo "2370"]
[EventDate "2019.03.18"]
[Board "52"]
[PlyCount "91"]

1.d4 Nf6 2.c4 e6 3.Nf3 b6 4.Nc3 Bb7 5.Bg5 h6 6.Bh4 Be7 7.e3 O-O 8.Qc2 c5 
9.dxc5 bxc5 10.Rd1 d5 11.Be2 Nbd7 12.O-O Qb6 13.Rd2 Rfd8 14.Rfd1 Rac8 15.
Bg3 a6 16.h3 Nf8 17.b3 Ne4 18.Nxe4 dxe4 19.Rxd8 Rxd8 20.Nd2 f5 21.Be5 Nd7 
22.Bc3 Bf6 23.Nf1 Ne5 24.Rd2 Kf7 25.Qb2 Nd3 26.Bxf6 gxf6 27.Qc3 Ne5 28.
Rxd8 Qxd8 29.b4 cxb4 30.Qxb4 Bc6 31.Qc5 Qe7 32.Qb6 Bb7 33.Nd2 Bc8 34.Nb3 
Qd7 35.Nd4 Bb7 36.Nxe6 Qxe6 37.Bh5+ Ke7 38.Qxb7+ Qd7 39.Qxa6 Qd2 40.Qb7+ 
Nd7 41.Qb1 Qc3 42.Bg6 Qxc4 43.Bxf5 Nc5 44.Qb6 Qc3 45.Qc7+ Kf8 46.Bg6 1-0

[Event "20th EUR-ch"]
[Site "Skopje MKD"]
[Date "2019.03.18"]
[Round "1"]
[White "Stoyanov, Tsvetan"]
[Black "Pashikian, Arman"]
[Result "1/2-1/2"]
[WhiteElo "2370"]
[BlackElo "2616"]
[EventDate "2019.03.18"]
[Board "53"]
[PlyCount "85"]

1.e4 e5 2.Nf3 Nc6 3.Nc3 Nf6 4.Be2 d5 5.exd5 Nxd5 6.O-O Nxc3 7.bxc3 e4 8.
Ne1 f5 9.d4 Bd6 10.f4 Be6 11.g3 Ne7 12.c4 c6 13.Rb1 b6 14.Ng2 c5 15.d5 Bd7
16.Qe1 Qc7 17.Qc3 Rg8 18.Bd2 h6 19.Kh1 Kd8 20.Qa1 Ba4 21.Qc3 Kc8 22.Qa3 
Bd7 23.Qb3 Kb7 24.a4 a5 25.Rb2 Ka7 26.Ne3 g5 27.Ng2 Be8 28.Rf2 Rb8 29.Rf1 
Qd8 30.Rfb1 Ng6 31.Rf1 Ne7 32.Rfb1 Bd7 33.Qa3 Qc7 34.Qb3 Qd8 35.Qa3 Qc7 
36.Qb3 Be8 37.Qa3 Bd7 38.Qb3 Qc8 39.Bh5 Qc7 40.Be2 Qc8 41.Bh5 Qc7 42.Qa3 
Qc8 43.Qb3 1/2-1/2

[Event "20th EUR-ch"]
[Site "Skopje MKD"]
[Date "2019.03.18"]
[Round "1"]
[White "Vocaturo, Daniele"]
[Black "Garayev, Kanan"]
[Result "1-0"]
[WhiteElo "2616"]
[BlackElo "2368"]
[EventDate "2019.03.18"]
[Board "54"]
[PlyCount "105"]

1.e4 e5 2.Nf3 Nf6 3.Nxe5 d6 4.Nf3 Nxe4 5.Nc3 Nxc3 6.dxc3 Be7 7.Be3 Nc6 8.
Qd2 Be6 9.O-O-O Qd7 10.Kb1 a6 11.h3 h6 12.g4 Bf6 13.Bg2 O-O-O 14.Nd4 Bxd4 
15.cxd4 d5 16.Bf4 g5 17.Bg3 f5 18.gxf5 Bxf5 19.h4 Qg7 20.hxg5 Qxg5 21.Qxg5
hxg5 22.Rxh8 Rxh8 23.a3 Re8 24.Rd2 Re1+ 25.Ka2 Rc1 26.Bxd5 Rxc2 27.Rxc2 
Bxc2 28.Be5 Nxe5 29.dxe5 c6 30.Be6+ Kd8 31.b4 b6 32.Kb2 Bd3 33.Kc3 Bb5 34.
Kd4 Ke7 35.Bb3 Bf1 36.Bd1 a5 37.bxa5 bxa5 38.Bb3 Bh3 39.Kc5 Be6 40.Bd1 Bd5
41.Bg4 a4 42.Bf5 Be6 43.Be4 Bd7 44.Bc2 Bh3 45.Bxa4 Ke6 46.Bxc6 Kxe5 47.a4 
Bc8 48.a5 Ba6 49.Bb5 Bc8 50.Kb6 Kd6 51.Be2 Be6 52.a6 Bd5 53.a7 1-0

[Event "20th EUR-ch"]
[Site "Skopje MKD"]
[Date "2019.03.18"]
[Round "1"]
[White "Kalogeris, Ioannis"]
[Black "Bosiocic, Marin"]
[Result "1/2-1/2"]
[WhiteElo "2368"]
[BlackElo "2614"]
[EventDate "2019.03.18"]
[Board "55"]
[PlyCount "156"]

1.e4 c5 2.Nf3 e6 3.d4 cxd4 4.Nxd4 Nc6 5.Nc3 Qc7 6.g3 a6 7.Bg2 Nf6 8.O-O h5
9.Nxc6 bxc6 10.Bg5 Be7 11.h4 e5 12.Na4 d6 13.c4 Be6 14.Rc1 Rd8 15.Rc3 Ng4 
16.Qc1 f6 17.Bd2 Qa7 18.b3 O-O 19.c5 dxc5 20.Bh3 Kh8 21.Bxg4 Bxg4 22.Be3 
Rd4 23.Nxc5 Rfd8 24.Nd3 c5 25.Bxd4 exd4 26.Rc2 Bd6 27.Kg2 Qd7 28.Re1 Qb5 
29.Nxc5 Bf8 30.a4 Qb6 31.Nd3 Qxb3 32.Qd2 Qxa4 33.Ra2 Qc4 34.Rc1 Qb5 35.f3 
Be6 36.Ra5 Bb4 37.Qxb4 Qxd3 38.Qb2 Bf7 39.Rac5 Rd7 40.R1c2 Kh7 41.Rd2 Qe3 
42.Re2 Qd3 43.Rc1 a5 44.Ra1 Bc4 45.Rf2 Ra7 46.Rd2 Qc3 47.Qxc3 dxc3 48.Rc2 
a4 49.Rxc3 Bf7 50.Kf2 Be8 51.Ke3 Kg6 52.Kd3 Bf7 53.Ke3 Be8 54.f4 Kh7 55.f5
Bf7 56.Raa3 Be8 57.Rc4 Kg8 58.Rc8 Kf8 59.Kd2 Ra6 60.Rc7 Ra5 61.Ke3 Re5 62.
Kd4 Ra5 63.Rc8 Ke7 64.Rc7+ Kf8 65.Rb7 Ra8 66.Ke3 Bc6 67.Rc7 Be8 68.Kf4 Ra5
69.g4 hxg4 70.Kxg4 Ra8 71.Kf4 Bf7 72.Rb7 Kg8 73.Ke3 Kf8 74.Kd4 Rd8+ 75.Kc3
Rc8+ 76.Kb4 Rc4+ 77.Ka5 Rxe4 78.Rxa4 Rxa4+ 1/2-1/2

[Event "20th EUR-ch"]
[Site "Skopje MKD"]
[Date "2019.03.18"]
[Round "1"]
[White "Chigaev, Maxim"]
[Black "Iliaguev, Nisim"]
[Result "1-0"]
[WhiteElo "2613"]
[BlackElo "2366"]
[EventDate "2019.03.18"]
[Board "56"]
[PlyCount "65"]

1.e4 c5 2.Nf3 g6 3.c3 Bg7 4.d4 cxd4 5.cxd4 Nf6 6.Bd3 O-O 7.Nc3 d6 8.h3 Nc6
9.O-O e6 10.Be3 b6 11.Rc1 Bb7 12.Bb1 Rc8 13.Qd2 Qd7 14.Rfd1 Na5 15.b3 Rc7 
16.d5 exd5 17.Nxd5 Nxd5 18.exd5 Rxc1 19.Qxc1 Rc8 20.Qa3 Ba6 21.Ng5 Be5 22.
Qb4 f6 23.Ne6 Be2 24.Rc1 Rxc1+ 25.Bxc1 Nb7 26.f4 Ba1 27.Qe1 Ba6 28.Ba3 Qe7
29.Be4 f5 30.Qxa1 fxe4 31.Qd4 Nc5 32.Bb2 Nxe6 33.dxe6 1-0

[Event "20th EUR-ch"]
[Site "Skopje MKD"]
[Date "2019.03.18"]
[Round "1"]
[White "Serarols Mabras, Bernat"]
[Black "Oparin, Grigory"]
[Result "1/2-1/2"]
[WhiteElo "2363"]
[BlackElo "2613"]
[EventDate "2019.03.18"]
[Board "57"]
[PlyCount "82"]

1.d4 Nf6 2.c4 e6 3.g3 c5 4.d5 exd5 5.cxd5 d6 6.Nc3 g6 7.Bg2 Bg7 8.Nf3 O-O 
9.O-O Re8 10.Bf4 Bf5 11.Nh4 Bg4 12.Re1 Nh5 13.Bd2 Qd7 14.Qc2 Na6 15.a3 c4 
16.f3 Bh3 17.Bxh3 Qxh3 18.Ne4 Nf6 19.Nxd6 Red8 20.Nxb7 Rxd5 21.e4 Rd7 22.
Na5 Rc8 23.Rad1 Qe6 24.Bc3 Qb6+ 25.Kh1 Rdc7 26.e5 Ne8 27.Rd5 Qe6 28.Red1 
Nc5 29.Nxc4 Nd7 30.Nd6 Nb6 31.R5d3 Nxd6 32.Rxd6 Qe7 33.f4 Nc4 34.R6d3 Bf8 
35.Bb4 Qe8 36.Qe2 Rb7 37.Bc3 Qb5 38.Nf3 Nxb2 39.Bxb2 Qxb2 40.R1d2 Qc1+ 41.
Kg2 Qc6 1/2-1/2

[Event "20th EUR-ch"]
[Site "Skopje MKD"]
[Date "2019.03.18"]
[Round "1"]
[White "Erdos, Viktor"]
[Black "Manea, Alexandru"]
[Result "1-0"]
[WhiteElo "2612"]
[BlackElo "2357"]
[EventDate "2019.03.18"]
[Board "58"]
[PlyCount "59"]

1.d4 d5 2.c4 c6 3.Nc3 Nf6 4.e3 a6 5.Nf3 Bf5 6.Be2 h6 7.Bd3 Bxd3 8.Qxd3 e6 
9.O-O Bb4 10.Bd2 Bxc3 11.Bxc3 O-O 12.Nd2 Nbd7 13.e4 dxc4 14.Qxc4 b5 15.Qe2
c5 16.b3 Qe7 17.Rac1 Rfc8 18.dxc5 Nxc5 19.Bb2 Qd8 20.Rc3 Ncd7 21.Nf3 Rxc3 
22.Bxc3 Rc8 23.Bb2 Qa5 24.Ra1 Qc7 25.Ne1 Qb7 26.f3 Qb6+ 27.Qf2 Rc6 28.Rd1 
Nc5 29.Ba3 a5 30.Rd2 1-0

[Event "20th EUR-ch"]
[Site "Skopje MKD"]
[Date "2019.03.18"]
[Round "1"]
[White "Mihajlov, Sebastian"]
[Black "Romanov, Evgeny"]
[Result "0-1"]
[WhiteElo "2356"]
[BlackElo "2612"]
[EventDate "2019.03.18"]
[Board "59"]
[PlyCount "80"]

1.e4 c5 2.Nf3 e6 3.d4 cxd4 4.Nxd4 a6 5.c4 Nf6 6.Nc3 Bb4 7.Qd3 d6 8.Nc2 
Bxc3+ 9.Qxc3 e5 10.Bd3 Be6 11.O-O Nbd7 12.b3 O-O 13.Ba3 Qc7 14.Qd2 b5 15.
Ne3 bxc4 16.Rfc1 Nc5 17.Nxc4 Rfd8 18.Qe3 Nxd3 19.Qxd3 d5 20.exd5 Nxd5 21.
Ne3 Qa5 22.Nc4 Nf4 23.Nxa5 Rxd3 24.Re1 f6 25.Nc6 a5 26.Bc1 Nxg2 27.Ne7+ 
Kf7 28.Kxg2 Kxe7 29.Re3 Rd4 30.Rg3 Bd5+ 31.Kf1 Kf7 32.Be3 Rh4 33.Rc1 g5 
34.Rc5 Ke6 35.h3 a4 36.Rb5 axb3 37.axb3 Ra1+ 38.Ke2 Ra2+ 39.Kf1 g4 40.Rb6+
Kf7 0-1

[Event "20th EUR-ch"]
[Site "Skopje MKD"]
[Date "2019.03.18"]
[Round "1"]
[White "Lupulescu, Constantin"]
[Black "Baenziger, Fabian"]
[Result "1-0"]
[WhiteElo "2611"]
[BlackElo "2351"]
[EventDate "2019.03.18"]
[Board "60"]
[PlyCount "71"]

1.Nf3 Nf6 2.c4 g6 3.Nc3 Bg7 4.e4 d6 5.d4 O-O 6.Be2 e5 7.d5 a5 8.h3 Na6 9.
Bg5 h6 10.Be3 Nc5 11.Nd2 Nh7 12.g4 f5 13.exf5 gxf5 14.Qc2 Na6 15.f3 Nb4 
16.Qb3 e4 17.fxe4 f4 18.Bf2 Ng5 19.O-O-O f3 20.Bf1 Qf6 21.a3 Na6 22.Kb1 
Bd7 23.h4 Nf7 24.Bh3 Ne5 25.g5 hxg5 26.hxg5 Qg6 27.Bxd7 Nxd7 28.Qc2 Ne5 
29.Rh4 c6 30.Nb3 c5 31.Nb5 a4 32.Nd2 Rae8 33.Nf1 Nf7 34.Ne3 Nxg5 35.Rg1 
Re5 36.Nf5 1-0

[Event "20th EUR-ch"]
[Site "Skopje MKD"]
[Date "2019.03.18"]
[Round "1"]
[White "Dimic, Pavle"]
[Black "Pantsulaia, Levan"]
[Result "1/2-1/2"]
[WhiteElo "2351"]
[BlackElo "2611"]
[EventDate "2019.03.18"]
[Board "61"]
[PlyCount "113"]

1.d4 Nf6 2.Nf3 c5 3.d5 g6 4.Nc3 Bg7 5.e4 d6 6.Bb5+ Nfd7 7.a4 Na6 8.O-O Nc7
9.Be2 O-O 10.a5 Rb8 11.Nd2 b5 12.axb6 axb6 13.Nb5 Ba6 14.Nxc7 Bxe2 15.Qxe2
Qxc7 16.Qb5 f5 17.exf5 Rxf5 18.Ne4 Rxd5 19.Qc4 Qc6 20.Ra7 Ne5 21.Qb3 c4 
22.Qh3 Nf7 23.Rxe7 Re8 24.Qe6 Rxe7 25.Qxe7 Rf5 26.f4 d5 27.Ng3 Rf6 28.Re1 
Bf8 29.Qe8 Kg7 30.Qxc6 Rxc6 31.Be3 Bc5 32.c3 Rf6 33.f5 h5 34.fxg6 Kxg6 35.
Bxc5 bxc5 36.Rd1 Rd6 37.Ne2 Kg5 38.g3 Ne5 39.Kg2 Nd3 40.b3 Re6 41.Nf4 
Nxf4+ 42.gxf4+ Kxf4 43.bxc4 dxc4 44.Rf1+ Kg4 45.h3+ Kg5 46.Rf3 Re2+ 47.Kf1
Rd2 48.Kg1 Kh4 49.Rf5 Rd3 50.Rxc5 Rxc3 51.Kf2 Rc2+ 52.Ke3 c3 53.Kd3 Rc1 
54.Ra5 Rd1+ 55.Kxc3 Rd8 56.Re5 Rh8 57.Re3 1/2-1/2

[Event "20th EUR-ch"]
[Site "Skopje MKD"]
[Date "2019.03.18"]
[Round "1"]
[White "Predke, Alexander"]
[Black "Krstulovic, Alex"]
[Result "1-0"]
[WhiteElo "2611"]
[BlackElo "2351"]
[EventDate "2019.03.18"]
[Board "62"]
[PlyCount "81"]

1.d4 d5 2.c4 c6 3.Nf3 Nf6 4.e3 Bf5 5.Nc3 a6 6.Bd2 e6 7.Nh4 Bg4 8.Qb3 b5 9.
h3 Bh5 10.cxd5 cxd5 11.g4 Bg6 12.Nxg6 hxg6 13.g5 Nfd7 14.Rc1 Be7 15.f4 Nb6
16.a4 b4 17.Nd1 a5 18.Nf2 f6 19.gxf6 gxf6 20.e4 Kf7 21.f5 gxf5 22.exf5 Qd6
23.Bb5 exf5 24.Qf3 Rh4 25.Rg1 Rxd4 26.Kf1 N8d7 27.Rc6 Rxd2 28.Rxd6 Bxd6 
29.Nd3 Nc5 30.Ke1 Ne4 31.Qxf5 Bg3+ 32.Rxg3 Re2+ 33.Kd1 Rd2+ 34.Kc1 Rc8+ 
35.Kb1 Nxg3 36.Qh7+ Ke6 37.Qb7 Rcc2 38.Qxb6+ Kf5 39.Qd6 Ne2 40.Qxd5+ Kg6 
41.Be8+ 1-0

[Event "20th EUR-ch"]
[Site "Skopje MKD"]
[Date "2019.03.18"]
[Round "1"]
[White "Pogosyan, Stefan"]
[Black "Bindrich, Falko"]
[Result "0-1"]
[WhiteElo "2347"]
[BlackElo "2610"]
[EventDate "2019.03.18"]
[Board "63"]
[PlyCount "44"]

1.d4 Nf6 2.c4 e6 3.Nc3 Bb4 4.Qc2 O-O 5.a3 Bxc3+ 6.Qxc3 b6 7.Bg5 Bb7 8.f3 
d6 9.e4 c5 10.dxc5 bxc5 11.O-O-O Nc6 12.Bxf6 gxf6 13.Bd3 Rb8 14.Ne2 Ba6 
15.Bc2 e5 16.f4 Kh8 17.Rhf1 Nd4 18.Rf2 Qb6 19.Ng3 Bxc4 20.Qxc4 Qxb2+ 21.
Kd2 Qxa3 22.Qc3 Nxc2 0-1